Management of personnel records at Ekuphumuleni old people’s home, Bulawayo, Zimbabwe / (Record no. 172781)

MARC details
000 -LEADER
fixed length control field 01334nam a2200277 4500
003 - CONTROL NUMBER IDENTIFIER
control field NUST
005 - DATE AND TIME OF LATEST TRANSACTION
control field 20260424115423.0
008 - FIXED-LENGTH DATA ELEMENTS--GENERAL INFORMATION
fixed length control field 260424b |||||||| |||| 00| 0 eng d
040 ## - CATALOGING SOURCE
Original cataloging agency NUST
Language of cataloging eng
Transcribing agency NUST
Modifying agency NUST
Description conventions rda
050 ## - LIBRARY OF CONGRESS CALL NUMBER
Classification number HF5549.5.R4 M36 NKO
100 ## - MAIN ENTRY--PERSONAL NAME
Personal name Nkomo, Violet.
Relator term author.
245 ## - TITLE STATEMENT
Title Management of personnel records at Ekuphumuleni old people’s home, Bulawayo, Zimbabwe /
Statement of responsibility by Violet Nkomo.
260 ## - PUBLICATION, DISTRIBUTION, ETC.
Place of publication, distribution, etc. Bulawayo, Zimbabwe :
Name of publisher, distributor, etc. National University of Science and Technology ,
Date of publication, distribution, etc. ©2022.
300 ## - PHYSICAL DESCRIPTION
Extent ix, 66 pages :
Dimensions 31 cm.
Other physical details illustrations ;
336 ## - CONTENT TYPE
Source rdacontent
Content type term text
Content type code txt
337 ## - MEDIA TYPE
Source rdamedia
Media type term unmediated
Media type code n
338 ## - CARRIER TYPE
Source rdacarrier
Carrier type term volume
Carrier type code nc
500 ## -
Typescript A research project submitted to the National University of Science and Technology in partial fulfilment of the Master of Science degree in Records and Archives Management.
501 ## -
-- (MSc in Records and Archives Management) National University of Science and Technology, 2022.
504 ## - BIBLIOGRAPHY, ETC. NOTE
Bibliography, etc. note Includes bibliographical references.
650 ## - SUBJECT ADDED ENTRY--TOPICAL TERM
Topical term or geographic name entry element Personnel records
General subdivision Management Case studies
Geographic subdivision Zimbabwe.
650 ## - SUBJECT ADDED ENTRY--TOPICAL TERM
Topical term or geographic name entry element Old age homes
General subdivision Administration
Geographic subdivision Zimbabwe.
650 ## - SUBJECT ADDED ENTRY--TOPICAL TERM
Topical term or geographic name entry element Ekuphumuleni Old People’s Home
Geographic subdivision (Bulawayo, Zimbabwe)
700 ## - ADDED ENTRY--PERSONAL NAME
Personal name Dr A Dube.
Relator term supervisor.
942 ## - ADDED ENTRY ELEMENTS (KOHA)
Source of classification or shelving scheme Library of Congress Classification
Suppress in OPAC No
Koha item type 3-Hour Loan Material
Classification part HF5549.5.R4 M36
Call number prefix HF
Call number suffix NKO
999 ## -
-- 172781
-- 172781
Holdings
Withdrawn status Lost status Source of classification or shelving scheme Damaged status Not for loan Collection Home library Current library Shelving location Date acquired Total Checkouts Full call number Barcode Date last seen Accession number Price effective from Koha item type
    LCC     NFIC MAIN MAIN GEN 04/24/2026   HF5549.5.R4 M36 NKO 92004058416 04/24/2026 SC25/1507 04/24/2026 3HOUR